000 01199nam2a22002771 4500
001 RU\NLR\INFOCOMM55\1000056775
005 20040531151020.0
035 _a(NLR Aleph) 002571978
090 _a3197804
_c3197804
100 _a20040531d1969 |||y0rusy50 ca
101 0 _arus
102 _aRU
105 _ay |||||||||
200 1 _aСовременные мощные СВЧ кремниевые транзисторы
_fЛ.В. Петрова
210 _d1969
225 1 _aСерия: Полупроводниковые приборы
300 _aНа обл.: Вып.40
461 0 _1001RU\NLR\INFOCOMM55\1000056712
_12001#$aОбзоры по электронной технике$fМ-во электронной пром-сти СССР. Ин-т "Электроника"$v1969, Вып.3(72)
_93197280
_cМ.
_d1968-
_fМ-во электронной пром-сти СССР. Ин-т "Электроника"
_tОбзоры по электронной технике
_v1969, Вып.3(72)
700 1 _aПетрова
_bЛ. В.
_4070
801 0 _aRU
_bNLR
_gPSBO
801 1 _aRU
_bInfoComm
_c20040531
852 _aNLR
_jП51/94
942 _cISSUE
980 _aNB
980 _aRUSPER